000 01505cpcaa2200289 a 4500
001 mm2009085510
003 DLC
005 20260227111731.0
008 091211|||||||||||| eng
010 _amm2009085510
040 _aDLC
_cDLC
_edacs
_dDLC
072 7 _aW
_2lcmd
245 0 0 _aJ.W.A. Nicholson and Nathaniel Dowse Nicholson commissions and obituary,
_f1808-1887.
300 _a3
_fitems.
506 0 _aOpen to research.
520 8 _aNaval commission for Nathaniel Dowse Nicholson signed by Thomas Jefferson, 1808 January 1; Civil War naval commission for J.W.A. Nicholson signed by Abraham Lincoln, 1863 February 21; and obituary of J.W.A. Nicholson, New York Daily Graphic, 1887 November 1.
545 0 _aNaval officers.
546 _aCollection material in English.
600 1 0 _aJefferson, Thomas,
_d1743-1826.
600 1 0 _aLincoln, Abraham,
_d1809-1865.
610 1 0 _aUnited States.
_bNavy.
656 7 _aNaval officers.
_2itoamc
700 1 _aNicholson, J. W. A.
_q(James William Augustus),
_d1821-1887.
_tJ.W.A. Nicholson and Nathaniel Dowse Nicholson commissions and obituary.
_f1808-1887.
700 1 _aNicholson, Nathaniel Dowse,
_d1790-1811.
_tJ.W.A. Nicholson and Nathaniel Dowse Nicholson commissions and obituary.
_f1808-1887.
999 _c44817
_d44817